000 01027cam a2200277 4500
008 090401t1993 xxu||||| |||| 00| 0 eng d
020 _a0851255590
035 _a(Sirsi) u33182
041 _aeng
050 _a693.834
110 _aBuilding Research Establishment
245 _aSound control for homes.
260 _aGarston, Watford
_bBuilding Research Establishment
_c1993
300 _a129p. : ill. ; 30cm.
350 _a0
490 _aBRE Building Renewal
_v238
490 _aCIRIA Report
_v127
520 _aA manual of acoustic design in housing, covering the appraisal of noise affecting the site, the control of both external and internal noise, the selection of appropriate forms of construction and the detailing of noise control.
650 _aBUILT ENVIRONMENT-CONSTRUCTION DESIGN-ACOUSTICS
650 _aHOUSING
650 _aNOISE INSULATION
690 _aBUILT ENVIRONMENT
710 _aConstruction Industry Research and Information Association
_94810
942 _n0
948 _c04/03/1997
999 _c89783
_d89783